El reto mundial del trabajo infantil: alcanzar el objetivo

Na minha lista:
Detalhes bibliográficos
Formato: Texto
Tags: Adicionar Tag
Sem tags, seja o primeiro a adicionar uma tag!

MARC

LEADER 00000 a a2200000 04500
001 48469
003
040
245 |a El reto mundial del trabajo infantil:   |b alcanzar el objetivo  
773 |g número69, (2010), páginas 4-6 : fotos  
999 |c 23515  |d 23515 
773 0 |0 42296  |9 3091  |a Organización Internacional del Trabajo (OIT)  |d Ginebra, Suiza: Departamento de Comunicación de la OIT, 1995-  |o 14750  |t Trabajo:  |x 10200037